Manual de lineamientos para la práctica de la nutrición clínica : enfermedades crónico- degenerativas /

Gespeichert in:
Bibliographische Detailangaben
1. Verfasser: Perichart Perera, Otilia (autor)
Weitere Verfasser: Alpizar Rodríguez, Marian (colaboración) (colaboración)
Format: Buch
Sprache:Spanisch
Veröffentlicht: Madrid, España : McGraw-Hill, 2012, c2012
Schlagworte:
Tags: Tag hinzufügen
Keine Tags, Fügen Sie das erste Tag hinzu!

MARC

LEADER 00000nam^a2200000^a^4500
001 000342754
005 20250521000000.0
009 20260310114602.541
020 |a 978-607-15-0793-8 
037 |a Acervo ITESO - Biblioteca 
041 |a ESP 
082 |a 615. 854  |b PER 
100 |a Perichart Perera, Otilia  |e (autor) 
245 1 0 |a Manual de lineamientos para la práctica de la nutrición clínica :  |b enfermedades crónico- degenerativas /  |c O. Perichart Perera ; colaboración de M. Alpizar Rodríguez... [et al.] ; pról. de Simón Barquera. 
264 4 |a Madrid, España :  |b McGraw-Hill,  |c 2012, c2012 
300 |a XVI, 216 p. 
336 |a texto  |b txt  |2 rdacontenido 
337 |a sin mediación  |b n  |2 rdamedio 
338 |a volumen  |b nc  |2 rdasoporte 
649 |a XX 
650 |a Dietoterapia -  |x Tema Principal 
650 |a Metabolismo 
650 |a Nutrición -  |x Tema Principal 
650 |a Terapéutica 
650 |a Medicina 
700 |a Alpizar Rodríguez, Marian  |e (colaboración) 
910 |a Fondo General 
920 |a Impresos - Libros 
930 |a Colección General 
905 |a 101 
901 |a 0500232623  |b IT1  |c ACC  |i C138346  |u 20250521 
902 |a https://opac.biblio.iteso.mx/vufind/Record/000342754